000 00612nam a22001817a 4500
003 SISC
005 20160920091959.0
008 160920b xxu||||| |||| 00| 0 eng d
020 _a9781444180954
050 _aPC 2119 .G862 2013
100 _aGrime, Yvette
245 _aCambridge IGCSE :
_bfrench foreign language
_cYvette Grime, Jayn Witt
260 _aLondon :
_bHodder Education
_c2013
300 _a250 pages.,
_bcolored illustrations.,
_c27 cm.
650 _aFrench language -- Study and teaching (Secondary)
650 _aFrench language -- Study and teaching -- Foreign speakers.
942 _2lcc
_cBK
999 _c305108
_d305108